| 000 | 00438cam a2200181ua 4500 | ||
|---|---|---|---|
| 020 | _c35.00 | ||
| 041 |
_aeng _h |
||
| 082 |
_a575 _bHUX/EV |
||
| 100 | _aHuxley, Julian . | ||
| 245 |
_aEvolution as a process / _cJulian Huxley. _hTextual Documents |
||
| 250 |
_a2 / _b. |
||
| 260 |
_aLondon : _bGeorge Allen & Unwin Ltd , _c1958. |
||
| 300 | _a367 ; . | ||
| 365 | _a35.00 | ||
| 504 | _a | ||
| 942 | _cBK | ||
| 999 |
_c5705 _d5705 |
||